000 01100nam a2200301 i 4500
003 EG-GICUC
005 20260121101222.0
008 251115s1956 ii ad f |||| 001 0 eng d
040 _aEG-GiCUC
_beng
_cEG-GiCUC
_dEG-GiCUC
_erda
041 0 _aeng
082 0 4 _221
_a338.9
_bVA . P
092 0 4 _221
099 _aLaw1 13 338.9 VA . P 1956
100 1 _aVakil , C. N
_eAuthor.
245 1 0 _a Planning For An Expanding Economy :
_bAccumulation Employment And Technical Progress In Underdeveloped Countries /
_cBy C. N. Vakil , And P. R. Brahmanand.
264 1 _aBombay :
_bVora & Co., Publishers, Private Ltd ,
_c1956.
300 _a404 pages :
_billustrations ,
_c24 cm.
336 _2rda content
_atext
337 _2rda media
_aComputer
338 _2rda carrier
_aOnline Resource
504 _aIncludes bibliographical references and index.
546 _aText in English
650 1 4 _aPublic finance and tax legislation
700 1 _aBrahmanand , P. R.
_ejoint author.
856 4 0 _uhttps://fll.law.cu.edu.eg/fulltext/bks/B13-07623.pdf
905 _a48
942 _2ddc
_cBK
_e21
_n0
999 _c43293
_d43293